| 000 | 00529nam a22001931a 4500 | ||
|---|---|---|---|
| 001 | 11129 | ||
| 003 | OSt | ||
| 005 | 20260204212229.0 | ||
| 008 | 110425s2000||||sp ||||||b||||||||||spa|| | ||
| 020 | _a8486524415 | ||
| 050 | _a863.44 R297f | ||
| 245 | _aRelatos fantásticos latinoamericanos (1) / E. Galiano, M. Benedelli, A. Monterroso [et-al] | ||
| 250 | _a3 | ||
| 264 | _aEspaña : Editorial Popular | ||
| 300 | _a96 p | ||
| 650 | _aCuentos Latinoamericano | ||
| 700 | _aGaleano, E. II.Benedetti, M.Ì | ||
| 942 |
_2ddc _cBK |
||
| 999 |
_c11129 _d11129 |
||